| 000 | 00360nam a2200133Ia 4500 | ||
|---|---|---|---|
| 005 | 20260328101519.0 | ||
| 008 | 260328s9999||||xx |||||||||||||| ||und|| | ||
| 100 | _aMargarit, J. | ||
| 245 | 0 |
_aIntroducción a una teoría del conocimiento de la Arquitectura y el Diseño / _cJ. Margarit |
|
| 260 | _bBlume | ||
| 300 | _a120 p. | ||
| 650 | _aTEORÍA | ||
| 942 | _cBK | ||
| 999 |
_c9495 _d9495 |
||